2022 San Francisco Giants Roster w/ First Names - Statistics

General Stats
  • This quiz has been taken 20 times
  • The average score is 27 of 66
Answer Stats
First Last % Correct
LaMonte Jr. Wade
93%
Camilo Doval
86%
Heliot Ramos
86%
Brandon Crawford
79%
Thairo Estrada
79%
Wilmer Flores
79%
Sam Long
79%
Evan Longoria
79%
Joc Pederson
79%
Logan Webb
79%
Joey Bart
71%
Brandon Belt
71%
Alex Cobb
64%
Mauricio Dubon
64%
Jarlin Garcia
64%
Darin Ruf
64%
J.D. Davis
57%
Anthony DeSclafani
57%
Jakob Junis
57%
Yunior Marte
57%
Tyler Rogers
57%
Mike Yastrzemski
57%
Curt Casali
50%
Yermin Mercedes
50%
Austin Slater
50%
Alex Wood
50%
Dominic Leone
43%
Dixon Machado
43%
Shelby Miller
43%
Carlos Rodon
43%
Ka'ai Tom
43%
Jose Alvarez
36%
Kervin Castro
36%
Stuart Fairchild
36%
Jake McGee
36%
Ford Proctor
36%
Gregory Santos
36%
Donovan Walton
36%
Scott Alexander
29%
John Brebbia
29%
Jharel Cotton
29%
Steven Duggar
29%
Luis Gonzalez
29%
Sean Hjelle
29%
Bryce Johnson
29%
Tommy La Stella
29%
Zack Littell
29%
Mike Ford
21%
Mauricio Llovera
21%
Jason Vosler
21%
Cole Waites
21%
Alex Young
21%
Willie Calhoun
14%
Austin Dean
14%
Thomas Szapucki
14%
Andrew Knapp
7%
Michael Papierski
7%
David Villar
7%
Austin Wynns
7%
Tyler Beede
0%
Lewis Brinson
0%
Jason Krizan
0%
Luis Ortiz
0%
Kevin Padlo
0%
Andrew Vasquez
0%
Luke Williams
0%
No matching quizzes found
Score Distribution
Percent of People with Each Score
Percentile by Number Answered
Your Score History
You have not taken this quiz